000 00333 a2200169 4500
001 182777
020 _a
040 _cMagnum
100 _aAmado, Jorge
240 1 0 _aTieta do agreste
_lpor
245 1 0 _aTieta do agreste
300 _a575
362 0 _a2001
440 1 _aRecord
697 _aLITERATURA GERAL
942 _cBK
999 _c182777
_d182777